书目信息 |
| 题名: |
台湾史话
|
|
| 作者: | 王芸生 著 | |
| 分册: | ||
| 出版信息: | 北京 中国青年出版社 1978 |
|
| 页数: | 140页 | |
| 开本: | 19cm | |
| 丛书名: | ||
| 单 册: | ||
| 中图分类: | K295.8 | |
| 科图分类: | ||
| 主题词: | 台湾--地方史 , 台湾--地方志 | |
| 电子资源: | ||
| ISBN: | ||
| 000 | 00606nam0 2200241 45 | |
| 001 | 0178002437 | |
| 005 | 20060605090146.63 | |
| 010 | @dCNY0.33 | |
| 091 | @a11009.10 | |
| 100 | @a19950725d1978 em y0chiy0121 ea | |
| 101 | 0 | @achi |
| 102 | @aCN@b110000 | |
| 105 | @ay z 000yy | |
| 200 | 10 | @a台湾史话@Atai wan shi hua@f王芸生著@FWang Yun Sheng Zhu |
| 205 | @a3版 | |
| 210 | @a北京@c中国青年出版社@d1978 | |
| 215 | @a140页@d19cm | |
| 606 | 0 | @a台湾@x地方史 |
| 606 | 0 | @a台湾@x地方志 |
| 690 | @aK295.8@v3 | |
| 701 | 0 | @a王芸生@4著 |
| 801 | 0 | @aCN@bNLC@c20060605 |
| 905 | @dK295.8@e114=3@b13015@f1 | |
| 台湾史话/王芸生著.-3版.-北京:中国青年出版社,1978 |
| 140页;19cm |
| ISBN :CNY0.33 |
| ● |
| 相关链接 |
|
|
|
|
正题名:台湾史话
索取号:K295.8/114=3
 
预约/预借
| 序号 | 登录号 | 条形码 | 馆藏地/架位号 | 状态 | 备注 |
| 1 | 0010330 | 001277549 | 第二样本阅览室/ [索取号:K295.8/114=3] | 在馆 | |
| 2 | 0010332 | 001277530 | 第二借阅区/ [索取号:K295.8/114=3] | 在馆 | |
| 3 | 0013015 | 001992641 | 第二借阅区/ [索取号:K295.8/114=3] | 在馆 | |
| 4 | 0013016 | 202269632 | 密集书库/ [索取号:K295.8/114=3] | 在馆 |